Gestión pública local : descentralización administrativa y principios presupuestarios / Silvia María García Fernández descentralización administrativa y principios presupuestarios / Silvia María García Fernández
ISBN:
84-931510-6-8
Descripción Física:
207 p. ; 24 cm
Colección:
Atelier administrativo
MARC
| LEADER | 00000nam a2200000Ia 4500 | ||
|---|---|---|---|
| 001 | 19169 | ||
| 008 | 160829s2004 xx 000 0 cat d | ||
| 020 | |a 84-931510-6-8 | ||
| 080 | |a M-3-276 | ||
| 100 | |a García Fernández, Silvia María |9 45266 | ||
| 245 | |a Gestión pública local : |b descentralización administrativa y principios presupuestarios / Silvia María García Fernández | ||
| 260 | |a Barcelona : |b Atelier, |c 2004 | ||
| 300 | |a 207 p. ; |c 24 cm | ||
| 490 | |a Atelier administrativo | ||
| 590 | |a Bibliografia | ||
| 650 | |a Descentralització adminstrativa |x Espanya |9 45267 | ||
| 650 | |a Finances locals |x Espanya |9 24153 | ||
| 901 | |a Arxiu | ||
| 942 | |n 1 | ||
| 952 | |0 0 |1 0 |4 0 |6 M3276 |7 1 |9 52486 |a Arxiu |b Arxiu |d 2016-12-01 |l 0 |o M-3-276 |p 19169 |r 2016-12-01 00:00:00 |w 2016-12-01 |y ARXIU | ||
| 999 | |c 56334 |d 56334 | ||